ARRUPE JESUIT UNIVERSITY

CORONAVIRUS -STOP THE SPREAD - CLEAN,DISINFECT,COVER

Hannah Arendt / (Record no. 118040)

MARC details
000 -LEADER
fixed length control field 01294cam a22003134a 4500
001 - CONTROL NUMBER
control field 12288936
003 - CONTROL NUMBER IDENTIFIER
control field ARRUPE
005 - DATE AND TIME OF LATEST TRANSACTION
control field 20130925122838.0
008 - FIXED-LENGTH DATA ELEMENTS--GENERAL INFORMATION
fixed length control field 010124s2001 nyua b 001 0beng
010 ## - LIBRARY OF CONGRESS CONTROL NUMBER
LC control number 2001017262
020 ## - INTERNATIONAL STANDARD BOOK NUMBER
International Standard Book Number 0231121024 (alk. paper)
040 ## - CATALOGING SOURCE
Original cataloging agency DLC
Transcribing agency DLC
Modifying agency DLC
041 1# - LANGUAGE CODE
Language code of text/sound track or separate title eng
Language code of original and/or intermediate translations of text fre
042 ## - AUTHENTICATION CODE
Authentication code pcc
050 00 - LIBRARY OF CONGRESS CALL NUMBER
Classification number JC251.A74
Item number K7513 2001
300 ## - PHYSICAL DESCRIPTION
Other physical details ill. ;
Dimensions 24 cm.
100 1# - MAIN ENTRY--PERSONAL NAME
Personal name Kristeva, Julia,
Dates associated with a name 1941-
9 (RLIN) 1243
240 10 - UNIFORM TITLE
Uniform title <a href="Hannah Arendt.">Hannah Arendt.</a>
Language of a work English
245 10 - TITLE STATEMENT
Title Hannah Arendt /
Remainder of title by Julia Kristeva ; translated by Ross Guberman.
260 ## - PUBLICATION, DISTRIBUTION, ETC. (IMPRINT)
Place of publication, distribution, etc New York :
Name of publisher, distributor, etc Columbia University Press,
Date of publication, distribution, etc c2001.
300 ## - PHYSICAL DESCRIPTION
Extent xxi, 291 p. :
440 #0 - SERIES STATEMENT/ADDED ENTRY--TITLE
Title European perspectives
9 (RLIN) 1244
500 ## - GENERAL NOTE
General note Translation of: Le génie féminin, t. 1, Hannah Arendt.
504 ## - BIBLIOGRAPHY, ETC. NOTE
Bibliography, etc Includes bibliographical references (p. [275]-280) and index.
600 10 - SUBJECT ADDED ENTRY--PERSONAL NAME
Personal name Arendt, Hannah,
Dates associated with a name 1906-1975.
9 (RLIN) 1245
650 #0 - SUBJECT ADDED ENTRY--TOPICAL TERM
Topical term or geographic name as entry element Political scientists
Form subdivision Biography.
9 (RLIN) 1246
906 ## - LOCAL DATA ELEMENT F, LDF (RLIN)
a 7
b cbc
c orignew
d 1
e ocip
f 20
g y-gencatlg
942 ## - ADDED ENTRY ELEMENTS (KOHA)
Source of classification or shelving scheme Library of Congress Classification
Koha item type Monograph ( Printed materials)
Holdings
Withdrawn status Lost status Source of classification or shelving scheme Damaged status Not for loan Home library Current library Shelving location Date acquired Total Checkouts Full call number Barcode Date last seen Date checked out Price effective from Koha item type
    Library of Congress Classification     ARRUPE LIBRARY ARRUPE LIBRARY Main Collection 25/09/2013 1 JC251.A74 K7513 2001 46409767 12/12/2023 12/09/2023 25/09/2013 Monograph ( Printed materials)

 

Arrupe Library. PO Box MP320 Mt Pleasant, Harare, Zimbabwe
263 242 745411|librarian@aju.ac.zw